[Event "AUT-chT2O 0809"]
[Site "Austria"]
[Date "2008.11.23"]
[Round "5.6"]
[White "Posch, Roland"]
[Black "Steiner, Johann"]
[Result "1/2-1/2"]
[WhiteElo "2052"]
[BlackElo "2054"]
[PlyCount "32"]
[EventDate "2008.10.03"]
[EventType "tourn"]
[EventRounds "11"]
[EventCountry "AUT"]
[SourceTitle "CBM 127 Extra"]
[Source "ChessBase"]
[SourceDate "2009.01.08"]
[SourceVersion "2"]
[SourceVersionDate "2009.01.28"]
[SourceQuality "1"]
[WhiteTeam "Poechlarn"]
[BlackTeam "Wien Austria"]
[WhiteTeamCountry "AUT"]
[BlackTeamCountry "AUT"]

1. e4 d5 2. exd5 Qxd5 3. Nc3 Qa5 4. d4 Nf6 5. Bd2 c6 6. Nf3 Bf5 7. Bc4 e6 8. 0-0 Be7 9. Ne4 Qc7 10. Ng3 Bg6 11. Ne5 Nbd7 12. Bf4 Nxe5 13. Bxe5 Bd6 14. Re1 Bxe5 15. dxe5 Nd7 16. Qe2 0-0-0 1/2-1/2

[Event "AUT-chT2O 0405"]
[Site "Austria"]
[Date "2005.02.25"]
[Round "7.6"]
[White "Steiner, Johann"]
[Black "Kopinits, Anna Christina"]
[Result "1-0"]
[WhiteElo "2051"]
[BlackElo "2114"]
[PlyCount "91"]
[EventDate "2004.10.09"]
[EventType "team-tourn"]
[EventRounds "11"]
[EventCountry "AUT"]
[SourceTitle "EXT 2005"]
[Source "ChessBase"]
[SourceDate "2004.11.15"]
[SourceVersion "1"]
[SourceVersionDate "2004.11.15"]
[SourceQuality "1"]
[WhiteTeam "Wien Austria"]
[BlackTeam "Neustaed SV"]
[WhiteTeamCountry "AUT"]
[BlackTeamCountry "AUT"]

1. e4 c5 2. Nf3 Nc6 3. d4 cxd4 4. Nxd4 Nf6 5. Nc3 e5 6. Ndb5 d6 7. Bg5 a6 8. Na3 b5 9. Nd5 Be7 10. Bxf6 Bxf6 11. Nxf6+ Qxf6 12. c3 Qg6 13. Qd3 Ne7 14. g3 Bb7 15. f3 0-0 16. Bg2 f5 17. 0-0 d5 18. exd5 Nxd5 19. Rae1 Rae8 20. c4 Nf6 21. cxb5 e4 22. fxe4 fxe4 23. Qc4+ Bd5 24. Rxf6 Qxf6 25. Qxd5+ Kh8 26. Qc5 e3 27. Rf1 e2 28. Rxf6 e1Q+ 29. Rf1 Rxf1+ 30. Bxf1 axb5 31. Nxb5 h6 32. a3 Re5 33. Qf2 Qb1 34. Nc3 Qg6 35. Bc4 Qe8 36. Ne2 Qc8 37. Nf4 Rf5 38. b3 Rf6 39. a4 Qd8 40. Qe2 Qd4+ 41. Kg2 Qd6 42. Qd3 Qc6+ 43. Qd5 Qe8 44. a5 Qf8 45. a6 Qb8 46. a7 1-0

[Event "AUT-chT2O 0102"]
[Site "Austria"]
[Date "2002.03.10"]
[Round "11.5"]
[White "Hansen, Kay"]
[Black "Steiner, Johann"]
[Result "1-0"]
[WhiteElo "2242"]
[BlackElo "2131"]
[PlyCount "79"]
[EventDate "2001.11.??"]
[EventType "team-tourn"]
[EventRounds "11"]
[EventCountry "AUT"]
[SourceTitle "EXT 2003"]
[Source "ChessBase"]
[SourceDate "2002.11.25"]
[SourceVersion "1"]
[SourceVersionDate "2002.11.25"]
[SourceQuality "1"]

1. d4 Nf6 2. Bf4 g6 3. c3 Bg7 4. Nd2 d6 5. e4 Nc6 6. Be2 e5 7. Be3 0-0 8. d5 Ne7 9. Qb3 Ne8 10. g4 c5 11. h4 f5 12. gxf5 gxf5 13. f3 Kh8 14. 0-0-0 a6 15. Nh3 b5 16. c4 Nc7 17. Rdg1 bxc4 18. Bxc4 Nb5 19. Qd1 Qa5 20. Rxg7 Kxg7 21. Qg1+ Kh8 22. Qg5 Qd8 23. Rg1 Ng6 24. Qh6 Qf6 25. Ng5 Ra7 26. exf5 Bxf5 27. Nde4 Qg7 28. Ne6 Bxe6 29. dxe6 Qxh6 30. Bxh6 Rxf3 31. h5 Rf4 32. hxg6 Rxe4 33. g7+ Kg8 34. Bd3 Nd4 35. Rg2 Re1+ 36. Kd2 Nf3+ 37. Kc3 e4 38. Bc4 Re7 39. Bd5 Rd1 40. Bxe4 1-0

[Event "AUT-chT2O 0102"]
[Site "Austria"]
[Date "2001.11.17"]
[Round "4.5"]
[White "Wadsack, Winfried"]
[Black "Steiner, Johann"]
[Result "1-0"]
[WhiteElo "2134"]
[BlackElo "2131"]
[PlyCount "125"]
[EventDate "2001.11.??"]
[EventType "team-tourn"]
[EventRounds "11"]
[EventCountry "AUT"]
[SourceTitle "EXT 2003"]
[Source "ChessBase"]
[SourceDate "2002.11.25"]
[SourceVersion "1"]
[SourceVersionDate "2002.11.25"]
[SourceQuality "1"]

1. e4 d5 2. exd5 Qxd5 3. Nc3 Qa5 4. d4 Nf6 5. Bd2 c6 6. Nf3 Bg4 7. h3 Bxf3 8. Qxf3 e6 9. Qg3 Qb6 10. 0-0-0 Nbd7 11. Be3 Nd5 12. Nxd5 cxd5 13. Rd3 Nf6 14. f3 Rc8 15. Rb3 Qc7 16. Qxc7 Rxc7 17. Bf4 Kd7 18. Bxc7 Kxc7 19. g4 Bd6 20. Kb1 Bf4 21. h4 Nd7 22. c4 dxc4 23. Bxc4 Nb6 24. Rc3 Kb8 25. Rd1 Rd8 26. Kc2 Bg3 27. h5 Bf2 28. Bb3 Bxd4 29. Rcd3 Rc8+ 30. Kb1 Bf6 31. f4 h6 32. Rc1 Rxc1+ 33. Kxc1 Kc7 34. Kc2 Nd7 35. Rg3 Bd4 36. g5 Nc5 37. Bc4 Kd6 38. gxh6 gxh6 39. b4 Ne4 40. Rd3 e5 41. fxe5+ Kxe5 42. Bxf7 b6 43. Bg6 Nd6 44. Ra3 b5 45. Rf3 Kd5 46. Kd3 Be5 47. Rf8 Kc6 48. Be4+ Kb6 49. Bd5 a5 50. bxa5+ Kxa5 51. Rg8 Kb6 52. Rg6 Kc5 53. Bb3 Bf4 54. Rf6 Bg5 55. Re6 Bf4 56. Re7 Kb4 57. Rg7 Nc4 58. Bxc4 bxc4+ 59. Kd4 c3 60. Rb7+ Ka3 61. Kxc3 Kxa2 62. Kd3 Ka3 63. Ke4 1-0

[Event "AUT-chT2O 0001"]
[Site "Austria"]
[Date "2000.??.??"]
[Round "3"]
[White "Poecksteiner, Johann"]
[Black "Steiner, Johann"]
[Result "1/2-1/2"]
[WhiteElo "2215"]
[BlackElo "2110"]
[PlyCount "94"]
[EventDate "2000.??.??"]
[EventType "team-tourn"]
[EventRounds "11"]
[EventCountry "AUT"]
[SourceTitle "EXT 2003"]
[Source "ChessBase"]
[SourceDate "2002.11.25"]
[SourceVersion "1"]
[SourceVersionDate "2002.11.25"]
[SourceQuality "1"]

1. d4 Nf6 2. c4 g6 3. Nc3 Bg7 4. e4 d6 5. Nge2 0-0 6. Ng3 e5 7. d5 Nbd7 8. Be2 a5 9. h4 Nc5 10. h5 Ne8 11. hxg6 hxg6 12. Be3 f5 13. exf5 Bxf5 14. Qd2 Qd7 15. 0-0-0 b6 16. Rdg1 a4 17. Nxf5 Qxf5 18. g4 Qd7 19. g5 Qf5 20. Bxc5 bxc5 21. Bg4 Qf4 22. Be6+ Rf7 23. Qxf4 exf4 24. Kc2 Kf8 25. Bxf7 Kxf7 26. Rg4 Be5 27. Rh7+ Ng7 28. Nb5 Rb8 29. b3 axb3+ 30. Kxb3 Kg8 31. Rxg7+ Kxg7 32. a4 Rh8 33. a5 Rh2 34. a6 Rxf2 35. Nxc7 Rb2+ 36. Ka3 Rb1 37. Rg2 Ra1+ 38. Ra2 Rxa2+ 39. Kxa2 f3 40. a7 f2 41. Ne6+ Kh7 42. a8Q f1Q 43. Qb7+ Kh8 44. Qc8+ Kh7 45. Qd7+ Kg8 46. Qe8+ Kh7 47. Qe7+ Kg8 1/2-1/2

[Event "Passau op 6th"]
[Site "Passau"]
[Date "1998.04.10"]
[Round "1"]
[White "Enders, Peter"]
[Black "Steiner, Johann"]
[Result "1-0"]
[WhiteElo "2525"]
[BlackElo "1995"]
[PlyCount "45"]
[EventDate "1998.04.10"]
[EventType "swiss"]
[EventRounds "7"]
[EventCountry "GER"]
[SourceTitle "EXT 1999"]
[Source "ChessBase"]
[SourceDate "1998.11.16"]
[SourceVersion "1"]
[SourceVersionDate "1998.11.16"]
[SourceQuality "1"]

1. e4 d5 2. exd5 Qxd5 3. Nc3 Qa5 4. d4 Nf6 5. Nf3 Bg4 6. h3 Bxf3 7. Qxf3 c6 8. Bd2 e6 9. Ne4 Bb4 10. Nxf6+ gxf6 11. c3 Be7 12. Bc4 Nd7 13. 0-0-0 0-0-0 14. Kb1 Qc7 15. Bb3 c5 16. Qh5 c4 17. Bc2 Rdf8 18. Bh6 Re8 19. Qxf7 Bd8 20. d5 Re7 21. Qh5 exd5 22. Rxd5 Rhe8 23. Rhd1 1-0